[Event "Let's Play Chess!"]
[Site "http://www.queenalice.com/game.php?id=819646"]
[Date "2010.8.17"]
[Round "-"]
[White "ahmadov"]
[Black "luiz090392"]
[Result "0-1"]
[WhiteElo "1980"]
[BlackElo "1551"]

1. e4 d6 2. d4 Nf6 3. Nc3 g6 4. Nf3 Bg7 5. Be2 O-O 6. O-O Nbd7 7. Re1 c5 8. dxc5
Nxc5 9. Bf1 b6 10. Bg5 Bb7 11. Bd3 Nxd3 12. cxd3 Rc8 13. Rc1 Qd7 14. d4 Rc6 15.
d5 Rc7 16. Qe2 e6 17. dxe6 Qxe6 18. Bxf6 Bxf6 19. a3 Re8 20. Nd2 Rec8 21. f3
Bxc3 22. bxc3 Rxc3 23. Rxc3 Rxc3 24. Ra1 Qf6 25. Ra2 Qd4+ 26. Kh1 Qd3 27. Qe1
Rxa3 28. Rxa3 Qxa3 29. h3 d5 30. exd5 Bxd5 31. Qe8+ Qf8 32. Qd7 Qa8 0-1

[Event "Let's Play Chess!"]
[Site "http://www.queenalice.com/game.php?id=819649"]
[Date "2010.8.17"]
[Round "-"]
[White "luiz090392"]
[Black "ahmadov"]
[Result "1-0"]
[WhiteElo "1581"]
[BlackElo "1950"]

1. e4 e5 2. Nf3 Nc6 3. d4 exd4 4. Nxd4 Nxd4 5. Qxd4 d6 6. Bc4 Nf6 7. O-O Be7 8.
Nc3 O-O 9. h3 c6 10. Re1 Be6 11. Bxe6 fxe6 12. e5 Nd5 13. exd6 Qxd6 14. Bd2 Bf6
15. Qd3 Rad8 16. Ne4 Qe7 17. Nxf6+ Nxf6 18. Qe3 Kh8 19. a3 b6 20. Rad1 Rd6 21.
Bb4 c5 22. Rxd6 Qxd6 23. Bc3 Nd5 24. Qxe6 Qxe6 25. Rxe6 Nxc3 26. bxc3 h6 27. Re7
Rc8 28. Rxa7 Rd8 29. Rb7 Rd1+ 30. Kh2 Ra1 31. Rxb6 Rxa3 32. Rb3 1-0

[Event "Let's Play Chess!"]
[Site "http://www.queenalice.com/game.php?id=825229"]
[Date "2010.8.30"]
[Round "-"]
[White "elche"]
[Black "luiz090392"]
[Result "1-0"]
[WhiteElo "1676"]
[BlackElo "1557"]

1. e4 d6 2. d4 Nf6 3. Bd3 g6 4. Nf3 Bg7 5. O-O O-O 6. Re1 Nbd7 7. e5 Ne8 8. exd6
cxd6 9. c3 b6 10. Qe2 Bb7 11. Qxe7 Qxe7 12. Rxe7 Bxf3 13. gxf3 Ndf6 14. c4 Nh5
15. Re4 Nef6 16. Re1 Rfe8 17. Re3 Nf4 18. Rxe8+ Rxe8 19. Bxf4 1-0

[Event "Let's Play Chess!"]
[Site "http://www.queenalice.com/game.php?id=825642"]
[Date "2010.8.30"]
[Round "-"]
[White "luiz090392"]
[Black "fortunato"]
[Result "0-1"]
[WhiteElo "1563"]
[BlackElo "2050"]

1. Nf3 Nf6 2. g3 e6 3. Bg2 Be7 4. O-O O-O 5. d3 d5 6. Nbd2 Nc6 7. e4 e5 8. Qe1
Nb4 9. Qd1 dxe4 10. dxe4 Bg4 11. a3 Nc6 12. Qe2 Qc8 13. Rd1 Nd4 14. Qd3 Rd8 15.
Qe3 Nxc2 0-1

[Event "Juniperus virginiana"]
[Site "http://www.queenalice.com/game.php?id=825850"]
[Date "2010.8.31"]
[Round "-"]
[White "Abstro"]
[Black "luiz090392"]
[Result "0-1"]
[WhiteElo "1742"]
[BlackElo "1691"]

1. d4 Nf6 2. c4 g6 3. Nc3 Bg7 4. e4 d6 5. h3 O-O 6. Nf3 Nbd7 7. Bd3 c5 8. d5 Re8
9. O-O e6 10. Bg5 exd5 11. exd5 b6 12. Nb5 Ne5 13. Bf4 Nxd3 14. Qxd3 Bf5 15. Qb3
Bf8 16. Nd2 Nh5 17. Bh2 a6 18. Nc3 Bxh3 19. gxh3 Qg5+ 20. Kh1 Qxd2 21. Qxb6 Reb8
22. Qc6 Rxb2 23. Qxa8 Qxc3 24. f3 Qd2 25. Qxf8+ Kxf8 26. Bxd6+ Kg8 27. Rg1 Rxa2
28. Rac1 Qf2 29. Rc3 Rc2 30. Rxc2 Qxc2 31. Be7 Qf5 32. Kh2 Qxf3 33. d6 Qd3 34.
Ra1 Nf4 35. Ra2 Qxh3+ 36. Kg1 Qe3+ 37. Kh2 Qd3 38. Rf2 Qd4 39. Rf1 Qd2+ 40. Kg3
Nh5+ 41. Kh4 Qh2+ 42. Kg5 Qg2+ 0-1

[Event "Let's Play Chess!"]
[Site "http://www.queenalice.com/game.php?id=827552"]
[Date "2010.9.4"]
[Round "-"]
[White "luiz090392"]
[Black "microcephalec"]
[Result "1-0"]
[WhiteElo "1655"]
[BlackElo "1673"]

1. Nf3 d5 2. g3 Nc6 3. Bg2 e5 4. d3 Bf5 5. O-O Bc5 6. Qe1 Nf6 7. Nbd2 O-O 8. e4
dxe4 9. dxe4 Bg6 10. a3 Qd7 11. b4 Bb6 12. Bb2 Rad8 13. Rd1 Qg4 14. Nxe5 Nxe5
15. Bxe5 Rxd2 16. Rxd2 Nh5 17. Qe2 Qe6 18. Bd4 Bxd4 19. Rxd4 f5 20. Re1 1-0

[Event "Let's Play Chess!"]
[Site "http://www.queenalice.com/game.php?id=827650"]
[Date "2010.9.4"]
[Round "-"]
[White "krambo1"]
[Black "luiz090392"]
[Result "1-0"]
[WhiteElo "2012"]
[BlackElo "1553"]

1. d4 Nf6 2. c4 g6 3. Nc3 Bg7 4. Nf3 O-O 5. e3 d6 6. Be2 Nbd7 7. O-O c5 8. d5
Re8 9. h3 e6 10. Re1 exd5 11. cxd5 b6 12. e4 Nxe4 13. Qc2 Nxc3 14. bxc3 Ne5 15.
Bb2 Nxf3+ 16. Bxf3 Rxe1+ 17. Rxe1 Qf6 18. Re8+ Bf8 19. c4 Qg5 20. Bg4 Bxg4 21.
Rxa8 Bxh3 22. g3 Bf5 23. Qc3 1-0

[Event "AUTO-INT-1681"]
[Site "http://www.queenalice.com/game.php?id=830984"]
[Date "2010.9.10"]
[Round "2"]
[White "Econochess"]
[Black "luiz090392"]
[Result "1-0"]
[WhiteElo "1976"]
[BlackElo "1705"]

1. d4 Nf6 2. c4 g6 3. Nc3 Bg7 4. e4 d6 5. Bd3 O-O 6. Nge2 Nbd7 7. f3 c5 8. d5
Re8 9. O-O e6 10. Nb5 Ne5 11. dxe6 Bxe6 12. f4 Nxd3 13. Qxd3 Bf8 14. Be3 Bxc4
15. Qxc4 Rxe4 16. Qc1 Qe8 17. Nc7 Qe7 18. Nxa8 Rxe3 19. Ng3 Nd5 20. Re1 Rxe1+
21. Qxe1 Qd8 22. Qe4 Nxf4 23. Qxb7 1-0

[Event "AUTO-INT-1681"]
[Site "http://www.queenalice.com/game.php?id=830985"]
[Date "2010.9.10"]
[Round "2"]
[White "luiz090392"]
[Black "Econochess"]
[Result "0-1"]
[WhiteElo "1711"]
[BlackElo "1970"]

1. Nf3 c5 2. g3 g6 3. Bg2 Bg7 4. O-O Nf6 5. d3 O-O 6. e4 Nc6 7. Nbd2 d6 8. c3 b5
9. Rb1 a5 10. e5 Nd7 11. Re1 Rb8 12. d4 b4 13. Qb3 bxc3 14. Qxc3 Bb7 15. Nc4
cxd4 16. Nxd4 Ncxe5 17. Bxb7 Rxb7 18. Nxa5 Rc7 19. Qe3 Rxc1 20. Rbxc1 Qxa5 21.
Nc6 Nxc6 22. Rxc6 Ne5 0-1

[Event "AUTO-INT-1681"]
[Site "http://www.queenalice.com/game.php?id=830988"]
[Date "2010.9.10"]
[Round "2"]
[White "luiz090392"]
[Black "Danado"]
[Result "0-1"]
[WhiteElo "1684"]
[BlackElo "1684"]

1. e4 e5 2. Nf3 d6 3. d4 Bg4 4. Be2 Bxf3 5. Bxf3 Nf6 6. dxe5 dxe5 7. Qxd8+ Kxd8
8. Nc3 Bb4 9. Bd2 Nc6 10. O-O-O Ke7 11. h3 Rhd8 12. Rhe1 Bxc3 13. Bxc3 Rxd1+ 14.
Rxd1 a5 15. a3 b5 16. Re1 b4 17. axb4 axb4 18. Bd2 Ra1# 0-1

[Event "AUTO-INT-1681"]
[Site "http://www.queenalice.com/game.php?id=830989"]
[Date "2010.9.10"]
[Round "2"]
[White "Danado"]
[Black "luiz090392"]
[Result "0-1"]
[WhiteElo "1699"]
[BlackElo "1709"]

1. e4 d6 2. d4 Nf6 3. Bd3 g6 4. Nc3 Bg7 5. Be3 O-O 6. h3 Nbd7 7. Nf3 c5 8. dxc5
Nxc5 9. Bxc5 dxc5 10. e5 Nd7 11. O-O Nxe5 12. Nxe5 Bxe5 13. Re1 Bxc3 14. bxc3
Re8 15. Qf3 Qd6 16. Ba6 Qxa6 17. Re3 Bd7 18. Qe2 Qxe2 19. Rxe2 e6 20. Rb1 Bc6
21. Re5 b6 22. Rd1 Red8 23. Rde1 Rd2 0-1

[Event "QA-ANNIV-06"]
[Site "http://www.queenalice.com/game.php?id=836988"]
[Date "2010.9.23"]
[Round "2"]
[White "Lucioamorim"]
[Black "luiz090392"]
[Result "1-0"]
[WhiteElo "2132"]
[BlackElo "1666"]

1. d4 Nf6 2. c4 g6 3. Nc3 Bg7 4. e4 d6 5. f3 O-O 6. Be3 Nbd7 7. Nge2 c5 8. Qd2
cxd4 9. Nxd4 Re8 10. Be2 Qc7 11. O-O Ne5 12. b3 Nc6 13. Rac1 Nxd4 14. Bxd4 a6
15. Nd5 Qc6 16. Qb2 e5 17. Nxf6+ Bxf6 18. Be3 Bg7 19. c5 f5 20. cxd6 Qxd6 21.
Rfd1 Qe6 22. Bc4 1-0

[Event "Let's Play Chess!"]
[Site "http://www.queenalice.com/game.php?id=842695"]
[Date "2010.10.7"]
[Round "-"]
[White "Scharlatan"]
[Black "luiz090392"]
[Result "1-0"]
[WhiteElo "1863"]
[BlackElo "1634"]

1. e4 d6 2. d4 Nf6 3. Nc3 g6 4. f3 Bg7 5. Be3 O-O 6. Qd2 Re8 7. Bh6 Bh8 8. g4 b6
9. h4 Na6 10. h5 c5 11. d5 e6 12. hxg6 fxg6 13. O-O-O exd5 14. Nxd5 Bb7 15. Bc4
Nxd5 16. Bxd5+ Bxd5 17. Qxd5+ 1-0

[Event "Let's Play Chess!"]
[Site "http://www.queenalice.com/game.php?id=843717"]
[Date "2010.10.10"]
[Round "-"]
[White "fortunato"]
[Black "luiz090392"]
[Result "1-0"]
[WhiteElo "2143"]
[BlackElo "1684"]

1. e4 d6 2. Nf3 Nf6 3. Nc3 g6 4. d4 Bg7 5. Be2 O-O 6. O-O Nbd7 7. e5 Ne8 8. Bf4
c5 9. Re1 cxd4 10. Qxd4 Qa5 11. Bd3 Qc5 12. Qe4 Nc7 13. exd6 Bxc3 14. dxe7 Bxe1
15. exf8=Q+ Qxf8 16. Rxe1 Ne6 17. Bd2 Ndc5 18. Qh4 Nxd3 19. cxd3 Nc5 20. Bh6 Qd6
21. Re8+ 1-0

[Event "Let's Play Chess!"]
[Site "http://www.queenalice.com/game.php?id=844778"]
[Date "2010.10.13"]
[Round "-"]
[White "luiz090392"]
[Black "miltonlovisk"]
[Result "0-1"]
[WhiteElo "1682"]
[BlackElo "1833"]

1. Nf3 d5 2. g3 Nc6 3. Bg2 Bf5 4. d3 e5 5. O-O h6 6. Nbd2 Nf6 7. Re1 g5 8. e4
dxe4 9. dxe4 Bg4 10. h3 Bh5 11. a3 Bc5 12. b4 Bd4 13. Rb1 g4 14. Nxd4 Nxd4 15.
Bf1 gxh3 16. Be2 Bxe2 17. Rxe2 Nxe2+ 0-1

[Event "Let's Play Chess!"]
[Site "http://www.queenalice.com/game.php?id=853429"]
[Date "2010.11.2"]
[Round "-"]
[White "Panzer85"]
[Black "luiz090392"]
[Result "1-0"]
[WhiteElo "1745"]
[BlackElo "1668"]

1. e4 d6 2. Bc4 Nf6 3. Nf3 g6 4. d3 Bg7 5. Bg5 O-O 6. Nc3 Nbd7 7. O-O a6 8. Re1
b5 9. Bd5 Nxd5 10. Nxd5 Re8 11. c3 Bb7 12. Nb4 c5 13. Nc2 Nb6 14. b3 Bxc3 15.
Re2 Bxa1 16. Qxa1 Nd7 17. Bh6 Nf6 18. Ne3 d5 19. Ng4 Qd6 20. e5 Qd7 21. exf6
Qxg4 22. fxe7 d4 23. h3 Qd7 24. Qc1 Rac8 25. Qf4 Rxe7 26. Qf6 1-0